| 000 | 00733nam a2200265Ia 4500 | ||
|---|---|---|---|
| 008 | 160803s9999 xx 000 0 und d | ||
| 020 | _a9780439455701 | ||
| 100 | _aBond, Felicia | ||
| 245 | 4 | _aThe day it rained hearts / | |
| 245 | _cFelicia Bond. | ||
| 260 | _aNew York : | ||
| 260 | _bScholastic Inc. | ||
| 260 | _c1983 | ||
| 300 | _a28 unnumbered pages : | ||
| 300 | _bcolor illustrations ; | ||
| 300 | _c21 cm | ||
| 500 | _a"Previously published as Four valentines in a rainstorm." | ||
| 650 | _aCreative ability in children -- | ||
| 650 | _aIndividuality -- | ||
| 650 | _aValentines -- | ||
| 650 | _xJuvenile fiction. | ||
| 650 | _xJuvenile fiction. | ||
| 650 | _xJuvenile fiction. | ||
| 700 | _a540 | ||
| 999 |
_c298968 _d298968 |
||